Mạch điện II

Guardat en:
Dades bibliogràfiques
Autor principal: Phạm, Thị Cư
Format: Llibre
Idioma:Undetermined
Publicat: Thành phố Hồ Chí Minh Nxb. Đại học Quốc gia Thành phố Hồ Chí Minh 2003
Matèries:
Etiquetes: Afegir etiqueta
Sense etiquetes, Sigues el primer a etiquetar aquest registre!
Thư viện lưu trữ: Trung tâm Học liệu Trường Đại học Cần Thơ
LEADER 00645nam a2200193Ia 4500
001 CTU_64371
008 210402s9999 xx 000 0 und d
020 |c 29000 
082 |a 621.319 
082 |b C550 
100 |a Phạm, Thị Cư 
245 0 |a Mạch điện II 
245 0 |c Phạm Thị Cư , Lê Minh Cường, Trương Trọng Tuấn Mỹ 
260 |a Thành phố Hồ Chí Minh 
260 |b Nxb. Đại học Quốc gia Thành phố Hồ Chí Minh 
260 |c 2003 
650 |a Electric circuits,Mạch điện 
904 |i Huỳnh Mai 
980 |a Trung tâm Học liệu Trường Đại học Cần Thơ